|
|
|
|
| LEADER |
01144nam a22002657a 4500 |
| 001 |
30993 |
| 003 |
BD-DhAAL |
| 005 |
20160530101802.0 |
| 008 |
160530s2014 bg ||||| |||| 00| 0 eng d |
| 020 |
|
|
|a 9789848715147
|
| 040 |
|
|
|a BD-DhAAL
|c BD-DhAAL
|
| 082 |
|
|
|2 23
|a 891.4430108
|
| 100 |
|
|
|a Rahman, Papree
|9 19627
|
| 245 |
|
|
|a Lilies, lanterns, lullabies /
|c Papree Rahman, edited by Niaz Zaman
|
| 260 |
|
|
|a Dhaka :
|b Writers Ink ;
|b Distributed by the University Press Ltd.,
|c 2014
|
| 300 |
|
|
|a v, 107 pages ;
|c 22 cm
|
| 526 |
|
|
|a ENH
|
| 541 |
|
|
|e 30993, 30994
|
| 650 |
|
|
|a Short stories, Bengali
|x Translations into English.
|z Bangladesh
|9 19628
|
| 700 |
|
|
|a Zaman, Niaz
|9 19629
|
| 852 |
|
|
|a Ayesha Abed Library
|b General Stacks
|
| 942 |
|
|
|2 ddc
|c BK
|
| 999 |
|
|
|c 37581
|d 37581
|
| 952 |
|
|
|0 0
|1 0
|2 ddc
|4 0
|6 891_443010800000000_RAH
|7 0
|9 59071
|a BRACUL
|b BRACUL
|c GEN
|d 2016-05-30
|e Writers Ink
|l 3
|m 38
|o 891.4430108 RAH
|p 3010030993
|r 2024-02-28
|s 2024-02-22
|t 1
|w 2016-05-30
|y BK
|
| 952 |
|
|
|0 0
|1 0
|2 ddc
|4 0
|6 891_443010800000000_RAH
|7 0
|9 59072
|a BRACUL
|b BRACUL
|c GEN
|d 2016-05-30
|e Writers Ink
|l 2
|m 1
|o 891.4430108 RAH
|p 3010030994
|r 2025-05-25
|s 2025-05-18
|t 2
|w 2016-05-30
|y BK
|